Kronika wojenna
| Titel: | Kronika wojenna : oficjalne raporty z wydarzeń w Dusznikach-Zdroju od stycznia do października 1945 / tłumaczenie: Sobiesław Nowotny |
|---|---|
| Beteiligt: | |
| Ausgabe: | Wydanie 1 |
| Veröffentlicht: | Duszniki-Zdrój : Fundacja im. Paula Denglera w Dusznikach-Zdroju, 2025 |
| Umfang: | 91, [12] Seiten : Illustrationen, Porträts, Plan ; 25 cm + Beilage: 1 Errata |
| Format: | Buch |
| Sprache: | Polnisch |
| ISBN: | 9788397747609 ; 8397747605 |
alg: 54263102 001A $03004:05-03-26 001B $03004:05-03-26 $t13:58:59.000 001D $03004:05-03-26 001U $0utf8 001X $00 002@ $0Aau 002C $aText $btxt $2rdacontent 002D $aohne Hilfsmittel zu benutzen $bn $2rdamedia 002E $aBand $bnc $2rdacarrier 003@ $0542631024 004A $A978-83-977476-0-9 004A $083-977476-0-5 007A $0BV050585834 $aBVB 010@ $apol 010E $erda 011@ $a2025 $n2025 013D $RQuellenforschung $#History Sources $#Sources $#Histoire Sources $#Sources $#Historia Fuentes $#Akten Formschlagwort $#Augenzeugenbericht Formschlagwort $#Texte Formschlagwort $#Historische Quelle $#Geschichtsquelle $#Quellensammlung $#Quellen $74135952-5 $8Quelle [Tsz] $9085503576 021A $aKronika wojenna $doficjalne raporty z wydarzeń w Dusznikach-Zdroju od stycznia do października 1945 $htłumaczenie: Sobiesław Nowotny 027A $aOficjalne raporty z wydarzeń w Dusznikach-Zdroju od stycznia do października 1945 028C $BÜbersetzer $4trl $71079984720 $8Nowotny, Sobiesław$Z1973- [Tp3] $9367528029 032@ $aWydanie 1 033A $pDuszniki-Zdrój $nFundacja im. Paula Denglera w Dusznikach-Zdroju 034D $a91, [12] Seiten 034I $a25 cm 034K $aBeilage: 1 Errata 034M $aIllustrationen, Porträts, Plan 037A $aLiteraturangaben 044K $RReinerz $#Duszniki-Zdrój $#Duezniki-Zdroj $#Reinerz Duszniki Zdrój $#Bad Reinerz Duszniki Zdrój $74103654-2 $8Duszniki Zdrój [Tg1] $9085303801 045F $a307.0943809044 $eDDC23BSB 045F/01 $a307.09 045F/03 $f09044 045F/03 $g438 045R $aGeschichte 1945 045T $aOST $qDE-12 $2FID 046L $aQuellentext aus dem Deutschen übersetzt lok: 54263102 24 exp: 54263102 24 1 #EPN 201B/01 $005-03-26 $t13:58:59.000 201C/01 $019-01-26 201U/01 $0utf8 203@/01 $01332366953 208@/01 $a05-03-26 $bz 209A/01 $a26.00754 $du $f050 $h26 00754 $x00 209C/01 $a26.00754 K $h26 00754 K 209G/01 $a75175221 $x00 220C/01 $ahae 247C/01 $8358050-7Marburg, Bibliothek des Herder-Instituts Marburg $9102600961
| LEADER | 00000cam a2200000 c 4500 | ||
|---|---|---|---|
| 001 | 542631024 | ||
| 003 | DE-603 | ||
| 005 | 20260305135859.0 | ||
| 007 | tu | ||
| 008 | 260305s2025 xx |||| | u00||u|pol c | ||
| 020 | |a 9788397747609 | ||
| 020 | |a 8397747605 | ||
| 035 | |a (DE-599)BVBBV050585834 | ||
| 040 | |a DE-603 |b ger |c DE-603 |d DE-603 |e rda | ||
| 041 | |a pol | ||
| 082 | 0 | 4 | |8 1\u |a 307.0943809044 |q DE-101 |2 23/BSB |
| 084 | |a OST |q DE-12 |2 fid | ||
| 085 | |8 1\u |b 307.09 | ||
| 085 | |8 1\u |z 1 |s 09044 | ||
| 085 | |8 1\u |z 2 |s 438 | ||
| 245 | 0 | 0 | |a Kronika wojenna |b oficjalne raporty z wydarzeń w Dusznikach-Zdroju od stycznia do października 1945 |c tłumaczenie: Sobiesław Nowotny |
| 246 | 1 | 3 | |a Oficjalne raporty z wydarzeń w Dusznikach-Zdroju od stycznia do października 1945 |
| 250 | |a Wydanie 1 | ||
| 264 | 1 | |a Duszniki-Zdrój |b Fundacja im. Paula Denglera w Dusznikach-Zdroju |c 2025 | |
| 300 | |a 91, [12] Seiten |b Illustrationen, Porträts, Plan |c 25 cm |e Beilage: 1 Errata | ||
| 336 | |a Text |b txt |2 rdacontent | ||
| 337 | |a ohne Hilfsmittel zu benutzen |b n |2 rdamedia | ||
| 338 | |a Band |b nc |2 rdacarrier | ||
| 500 | |a Literaturangaben | ||
| 546 | |a Quellentext aus dem Deutschen übersetzt | ||
| 648 | 7 | |a Geschichte 1945 |2 gnd | |
| 651 | 7 | |a Duszniki Zdrój |0 (DE-588)4103654-2 |0 (DE-603)085303801 |2 gnd | |
| 655 | 7 | |a Quelle |2 gnd-content |0 (DE-588)4135952-5 |0 (DE-603)085503576 | |
| 700 | 1 | |a Nowotny, Sobiesław |d 1973- |e Übersetzer |4 trl |0 (DE-603)367528029 |0 (DE-588)1079984720 |2 gnd | |
| 924 | 0 | |9 Mb 50 |a (DE-603)1332366953 |b DE-Mb50 |c HES |d c |g 26.00754 | |


